[Event "Hastings Centenary Masters"]
[Site "Hastings"]
[Date "1995.08.25"]
[Round "7"]
[White "Conquest, Stuart C"]
[Black "Hebden, Mark L"]
[Result "1-0"]
[WhiteElo "2455"]
[BlackElo "2570"]
[PlyCount "115"]
[EventDate "1995.08.20"]
[EventType "swiss"]
[EventRounds "9"]
[EventCountry "ENG"]
[SourceTitle "BritBase"]
[Source "John Saunders"]
[SourceDate "2023.06.01"]
[SourceVersion "1"]
[SourceVersionDate "2023.06.01"]
[SourceQuality "1"]

1. d4 Nf6 2. c4 g6 3. g3 Bg7 4. Bg2 O-O 5. Nc3 d6 6. e3 Nc6 7. Nge2 a6 8. b3
Bd7 9. Bb2 Rb8 10. Rc1 b5 11. Nd5 Ne8 12. O-O e6 13. Ndf4 Ne7 14. Qd2 bxc4 15.
Rxc4 e5 16. dxe5 dxe5 17. Nd5 Nxd5 18. Qxd5 Nf6 19. Qa5 Bb5 20. Rc2 Ng4 21. h3
Nh6 22. Rfc1 Nf5 23. Nc3 c6 24. Qxd8 Rfxd8 25. Ne4 Nd6 26. Nxd6 Rxd6 27. Bxc6
Bd3 28. Rd2 e4 29. Ba4 Rdd8 30. Bxg7 Kxg7 31. g4 Rbc8 32. Rxc8 Rxc8 33. b4 Kf6
34. Kg2 Rc4 35. Rb2 g5 36. b5 axb5 37. Bxb5 Rc1 38. a4 Ra1 39. Rb4 Ke5 40. Rd4
f5 41. Rd7 Bxb5 42. axb5 f4 43. Re7+ Kd5 44. exf4 gxf4 45. Rxh7 Ra2 46. Rh5+
Kd4 47. Rf5 f3+ 48. Kg3 Kd3 49. b6 Rb2 50. Rf6 Kd4 51. g5 Ke5 52. h4 Rb1 53.
Kg4 Rb2 54. Kg3 Rb1 55. Kg4 Rb2 56. Rf5+ Kd4 57. g6 Rxf2 58. b7 1-0

[Event "Hastings Centenary Masters"]
[Site "Hastings"]
[Date "1995.08.25"]
[Round "7"]
[White "Dive, Russell John"]
[Black "Turner, Matthew"]
[Result "0-1"]
[WhiteElo "2315"]
[BlackElo "2400"]
[PlyCount "50"]
[EventDate "1995.08.20"]
[EventType "swiss"]
[EventRounds "9"]
[EventCountry "ENG"]
[SourceTitle "BritBase"]
[Source "John Saunders"]
[SourceDate "2023.06.01"]
[SourceVersion "1"]
[SourceVersionDate "2023.06.01"]
[SourceQuality "1"]

1. d4 Nf6 2. c4 g6 3. Nf3 Bg7 4. g3 d6 5. Bg2 O-O 6. O-O c6 7. Nc3 Qa5 8. e4 e5
9. a3 Bg4 10. Be3 Qa6 11. Qb3 Nbd7 12. d5 Rfc8 13. Nd2 cxd5 14. cxd5 Nc5 15.
Qa2 Bd7 16. Rfc1 Nd3 17. Rc2 Ng4 18. Nf1 Nxe3 19. Nxe3 Bh6 20. Ned1 Ne1 21. Re2
Nxg2 22. Kxg2 f5 23. b3 Qd3 24. Qb2 Rc7 25. f3 Rac8 0-1

[Event "Hastings Centenary Masters"]
[Site "Hastings"]
[Date "1995.08.25"]
[Round "7"]
[White "Duncan, Christopher R"]
[Black "Poldauf, Dirk"]
[Result "0-1"]
[WhiteElo "2315"]
[BlackElo "2415"]
[PlyCount "106"]
[EventDate "1995.08.20"]
[EventType "swiss"]
[EventRounds "9"]
[EventCountry "ENG"]
[SourceTitle "BritBase"]
[Source "John Saunders"]
[SourceDate "2023.06.01"]
[SourceVersion "1"]
[SourceVersionDate "2023.06.01"]
[SourceQuality "1"]

1. c4 Nf6 2. Nc3 g6 3. g3 Bg7 4. Bg2 O-O 5. Nf3 d6 6. O-O e5 7. d4 Nbd7 8. e4
exd4 9. Nxd4 Re8 10. h3 Nc5 11. Re1 a5 12. Qc2 a4 13. Be3 c6 14. Rab1 Qe7 15.
Rbd1 Bd7 16. Bg5 Qf8 17. b4 axb3 18. axb3 Nh5 19. Re2 Bxd4 20. Rxd4 Ne6 21. Be3
Nxd4 22. Bxd4 f5 23. exf5 Bxf5 24. Qd2 Rxe2 25. Qxe2 Re8 26. Qd2 Nf6 27. Qf4
Nd7 28. Qd2 Qe7 29. Kh2 Nc5 30. Qh6 Qf8 31. Qxf8+ Kxf8 32. Bxc5 dxc5 33. Na4
Re5 34. f4 Re2 35. Kg1 Re3 36. g4 Bc8 37. Nxc5 b6 38. Kf2 Rc3 39. Na4 Rxb3 40.
Bxc6 Ba6 41. c5 b5 42. Nb6 b4 43. f5 gxf5 44. gxf5 Rxh3 45. f6 Kf7 46. Nd7 Ke6
47. Nb6 Rc3 48. Bd7+ Kf7 49. Nd5 Rc2+ 50. Ke3 b3 51. Bf5 Rxc5 52. Kd4 Rc4+ 53.
Ke5 b2 0-1

[Event "Hastings Centenary Masters"]
[Site "Hastings"]
[Date "1995.08.25"]
[Round "7"]
[White "Dunnington, Angus J"]
[Black "Cooper, Lawrence"]
[Result "1/2-1/2"]
[WhiteElo "2385"]
[BlackElo "2315"]
[PlyCount "76"]
[EventDate "1995.08.20"]
[EventType "swiss"]
[EventRounds "9"]
[EventCountry "ENG"]
[SourceTitle "BritBase"]
[Source "John Saunders"]
[SourceDate "2023.06.01"]
[SourceVersion "1"]
[SourceVersionDate "2023.06.01"]
[SourceQuality "1"]

1. Nf3 Nf6 2. g3 d5 3. Bg2 c6 4. d3 Bg4 5. Nbd2 Nbd7 6. O-O e5 7. e4 dxe4 8.
dxe4 Be7 9. h3 Bxf3 10. Qxf3 O-O 11. Nc4 Re8 12. Rd1 Qc7 13. Bd2 Bf8 14. a4 Nc5
15. Qe2 Rad8 16. b4 Ne6 17. c3 b6 18. h4 a5 19. Be3 Rb8 20. bxa5 bxa5 21. Bg5
Be7 22. Bh3 Nc5 23. Bxf6 Bxf6 24. Nd6 Red8 25. Qc4 Rxd6 26. Qxc5 Rxd1+ 27. Rxd1
Be7 28. Qc4 Rd8 29. Bg4 Rxd1+ 30. Bxd1 g6 31. Bb3 Bd6 32. Kg2 Kg7 33. Qa6 h5
34. Ba2 Bc5 35. Qc4 Qa7 36. Qe2 Qc7 37. Qc4 Qa7 38. Qe2 Qc7 1/2-1/2

[Event "Hastings Centenary Masters"]
[Site "Hastings"]
[Date "1995.08.25"]
[Round "7"]
[White "Ferguson, Mark"]
[Black "Adams, Michael"]
[Result "1/2-1/2"]
[WhiteElo "2360"]
[BlackElo "2660"]
[PlyCount "112"]
[EventDate "1995.08.20"]
[EventType "swiss"]
[EventRounds "9"]
[EventCountry "ENG"]
[SourceTitle "BritBase"]
[Source "John Saunders"]
[SourceDate "2023.06.01"]
[SourceVersion "1"]
[SourceVersionDate "2023.06.01"]
[SourceQuality "1"]

1. e4 e5 2. Nf3 Nc6 3. Nc3 Nf6 4. Bb5 Nd4 5. Ba4 c6 6. d3 Bc5 7. O-O d6 8. Nxd4
Bxd4 9. Ne2 Bb6 10. h3 O-O 11. Ng3 Re8 12. Qf3 h6 13. Nf5 Kh7 14. Bb3 Be6 15.
Kh1 a5 16. c3 a4 17. Bc2 d5 18. a3 Ng8 19. d4 dxe4 20. Bxe4 g6 21. Nxh6 Nxh6
22. Qh5 Rh8 23. Qxh6+ Kg8 24. Qg5 exd4 25. Qxd8+ Rxd8 26. Bg5 Rd7 27. Bf6 Rh5
28. Rad1 Bb3 29. Rd2 c5 30. Bf3 Rf5 31. Bg4 Rxf6 32. Bxd7 Ba5 33. Rc1 Rd6 34.
Bb5 Rb6 35. Be2 Ra6 36. Bf3 b5 37. Re2 Rd6 38. cxd4 cxd4 39. Re8+ Kg7 40. Re5
d3 41. Rxb5 d2 42. Rg1 Bb6 43. Rxb3 axb3 44. Bd1 Bxf2 45. Rf1 Bg3 46. Rf3 Be5
47. g4 Rc6 48. Rd3 Rc1 49. Rxd2 Bxb2 50. Rxb2 Rxd1+ 51. Kg2 Rd3 52. a4 Rc3 53.
Rb1 Rc2+ 54. Kg3 Rc3+ 55. Kg2 Rc2+ 56. Kg3 Rc3+ 1/2-1/2

[Event "Hastings Centenary Masters"]
[Site "Hastings"]
[Date "1995.08.25"]
[Round "7"]
[White "Gunter, David WW"]
[Black "Khan, Kalimullah"]
[Result "1-0"]
[WhiteElo "2130"]
[BlackElo "2235"]
[PlyCount "51"]
[EventDate "1995.08.20"]
[EventType "swiss"]
[EventRounds "9"]
[EventCountry "ENG"]
[SourceTitle "BritBase"]
[Source "John Saunders"]
[SourceDate "2023.06.01"]
[SourceVersion "1"]
[SourceVersionDate "2023.06.01"]
[SourceQuality "1"]

1. d4 d5 2. Bg5 c6 3. e3 Qb6 4. Qc1 Bf5 5. Nf3 Nd7 6. c4 e6 7. c5 Qa5+ 8. Qc3
Qxc3+ 9. Nxc3 b6 10. b4 Ne7 11. Ba6 bxc5 12. bxc5 f6 13. Bf4 e5 14. Bg3 exd4
15. exd4 Kf7 16. O-O g5 17. Bd6 Re8 18. Bb7 Nb8 19. a4 Ke6 20. a5 Kd7 21. Rfe1
h5 22. a6 Rd8 23. Na4 Ng6 24. Nb6+ axb6 25. a7 Na6 26. Bxf8 1-0

[Event "Hastings Centenary Masters"]
[Site "Hastings"]
[Date "1995.08.25"]
[Round "7"]
[White "Mellier, Pierre"]
[Black "Briggs, Philip J"]
[Result "1/2-1/2"]
[WhiteElo "2210"]
[BlackElo "2280"]
[PlyCount "150"]
[EventDate "1995.08.20"]
[EventType "swiss"]
[EventRounds "9"]
[EventCountry "ENG"]
[SourceTitle "BritBase"]
[Source "John Saunders"]
[SourceDate "2023.06.01"]
[SourceVersion "1"]
[SourceVersionDate "2023.06.01"]
[SourceQuality "1"]

1. e4 e5 2. Nf3 Nf6 3. Nxe5 d6 4. Nf3 Nxe4 5. d4 d5 6. Bd3 Bd6 7. Nc3 Nxc3 8.
bxc3 Bg4 9. O-O O-O 10. c4 dxc4 11. Bxc4 Nc6 12. c3 Qf6 13. Be2 Rfe8 14. Re1 h6
15. h3 Bh5 16. Be3 Ne7 17. Nh2 Bxe2 18. Rxe2 Nd5 19. Qd2 Re7 20. Rb1 Rae8 21.
Rbe1 Bxh2+ 22. Kxh2 Qc6 23. Qb2 Nxc3 24. Rc2 Qd6+ 25. Kg1 Nd5 26. Qxb7 Qg6 27.
Rcc1 Nf4 28. Kh2 Nd3 29. Rc6 Qe4 30. Rb1 a5 31. Ra6 Qf5 32. Qb5 c5 33. dxc5 Nb4
34. Rxb4 axb4 35. Qxb4 Re4 36. Qb7 Qe5+ 37. g3 Rxe3 38. fxe3 Qc3 39. Rd6 Qxc5
40. Rd2 Qxe3 41. Qg2 h5 42. h4 Re4 43. Qf2 Qxf2+ 44. Rxf2 Ra4 45. Rb2 Kh7 46.
Kh3 Kg6 47. Rf2 f6 48. Kg2 Ra3 49. Kh2 f5 50. Kg2 Kf6 51. Re2 f4 52. gxf4 Kf5
53. Re5+ Kxf4 54. Rxh5 Rxa2+ 55. Kf1 g6 56. Rg5 Ra6 57. Ke2 Re6+ 58. Kf2 Ra6
59. Ke2 Ra2+ 60. Kd1 Ra6 61. Kd2 Re6 62. Kd1 Ke3 63. Rg3+ Kf2 64. Rg5 Rd6+ 65.
Kc2 Ke3 66. Re5+ Kd4 67. Rg5 Ke3 68. Re5+ Kf4 69. Rg5 Re6 70. Kd2 Ra6 71. Kd1
Re6 72. Kd2 Kf3 73. Kd1 Kf2 74. Kd2 Re2+ 75. Kd1 Re6 1/2-1/2

[Event "Hastings Centenary Masters"]
[Site "Hastings"]
[Date "1995.08.25"]
[Round "7"]
[White "Nataf, Igor Alexandre"]
[Black "Wall, Gavin"]
[Result "1-0"]
[WhiteElo "2370"]
[BlackElo "2265"]
[PlyCount "59"]
[EventDate "1995.08.20"]
[EventType "swiss"]
[EventRounds "9"]
[EventCountry "ENG"]
[SourceTitle "BritBase"]
[Source "John Saunders"]
[SourceDate "2023.06.01"]
[SourceVersion "1"]
[SourceVersionDate "2023.06.01"]
[SourceQuality "1"]

1. d4 f5 2. Bg5 g6 3. Nc3 Nh6 4. h4 Nf7 5. Nh3 Bg7 6. e4 fxe4 7. Nxe4 d5 8. Nc5
b6 9. Nb3 Nc6 10. Bb5 Qd6 11. Qd2 Nxg5 12. hxg5 Bf5 13. O-O-O O-O-O 14. Bd3
Bxd3 15. Qxd3 Nb4 16. Qf3 Nxa2+ 17. Kb1 Nb4 18. Qf7 Rhg8 19. Nf4 Rdf8 20. Qe6+
Qxe6 21. Nxe6 Rxf2 22. Rxh7 Bf8 23. Nc1 Kd7 24. Re1 Nxc2 25. Nxf8+ Rgxf8 26.
Rexe7+ Kd6 27. Rd7+ Ke6 28. g4 Re8 29. Nd3 Rh2 30. Nf4# 1-0

[Event "Hastings Centenary Masters"]
[Site "Hastings"]
[Date "1995.08.25"]
[Round "7"]
[White "Rashkovsky, Nukhim N"]
[Black "Bronstein, David I"]
[Result "1/2-1/2"]
[WhiteElo "2560"]
[BlackElo "2445"]
[PlyCount "130"]
[EventDate "1995.08.20"]
[EventType "swiss"]
[EventRounds "9"]
[EventCountry "ENG"]
[SourceTitle "BritBase"]
[Source "John Saunders"]
[SourceDate "2023.06.01"]
[SourceVersion "1"]
[SourceVersionDate "2023.06.01"]
[SourceQuality "1"]

1. d4 Nf6 2. Nf3 g6 3. g3 Bg7 4. Bg2 O-O 5. O-O c6 6. Nc3 d5 7. Bf4 Bf5 8. h3
Nbd7 9. Qd2 Ne4 10. Nxe4 Bxe4 11. c3 Re8 12. Rfe1 a5 13. Rad1 a4 14. Ne5 Bxg2
15. Kxg2 Nb6 16. b3 Nc8 17. c4 f6 18. Nf3 axb3 19. axb3 g5 20. Be3 Nd6 21. Qc2
Qa5 22. Ra1 Qxa1 23. Rxa1 Rxa1 24. Bxg5 Ne4 25. cxd5 Nxg5 26. dxc6 bxc6 27.
Qxc6 Raa8 28. Nd2 Rac8 29. Qb5 Red8 30. e3 e5 31. d5 f5 32. Nc4 Rb8 33. Qc6
Rbc8 34. Qb7 Nf7 35. d6 Bf8 36. d7 Rc5 37. g4 fxg4 38. hxg4 e4 39. Qxe4 Rxd7
40. f4 Rb5 41. g5 Re7 42. Qd3 Reb7 43. g6 hxg6 44. Qxg6+ Kh8 45. Qf6+ Bg7 46.
Qh4+ Kg8 47. Qg4 Rc7 48. Qd1 Rc8 49. Qd7 Rbb8 50. Kf3 Rd8 51. Qe6 Kf8 52. Nb6
Rb7 53. Qc6 Re7 54. Nd5 Rd6 55. Qc5 Re8 56. Nc7 Re7 57. b4 Be5 58. Nd5 Ree6 59.
b5 Kg7 60. b6 Rc6 61. Qa5 Bb8 62. Qa6 Rc5 63. Qb7 Rxd5 64. Qxd5 Rxb6 65. Qd4+
Rf6 1/2-1/2

[Event "Hastings Centenary Masters"]
[Site "Hastings"]
[Date "1995.08.25"]
[Round "7"]
[White "Steffens, Olaf"]
[Black "Pickersgill, Adrian O"]
[Result "1-0"]
[WhiteElo "2330"]
[BlackElo "2105"]
[PlyCount "59"]
[EventDate "1995.08.20"]
[EventType "swiss"]
[EventRounds "9"]
[EventCountry "ENG"]
[SourceTitle "BritBase"]
[Source "John Saunders"]
[SourceDate "2023.06.01"]
[SourceVersion "1"]
[SourceVersionDate "2023.06.01"]
[SourceQuality "1"]

1. e4 c6 2. d4 d5 3. Nc3 dxe4 4. Bc4 Bf5 5. f3 exf3 6. Nxf3 e6 7. O-O Nf6 8.
Ne5 Bg6 9. g4 Nbd7 10. Nxg6 hxg6 11. g5 Nd5 12. Qf3 Qe7 13. Bxd5 cxd5 14. Nb5
Kd8 15. Bf4 Qb4 16. a4 a6 17. c3 Qxb2 18. Rab1 Qc2 19. Nc7 Rc8 20. Rxb7 Qe4 21.
Nxa6 Qxf3 22. Rxf3 Ra8 23. Nb8 Nxb8 24. Rxb8+ Rxb8 25. Bxb8 Rh5 26. Rxf7 Rxg5+
27. Bg3 Rf5 28. Rb7 Rf3 29. a5 Rxc3 30. a6 1-0

[Event "Hastings Centenary Masters"]
[Site "Hastings"]
[Date "1995.08.25"]
[Round "7"]
[White "Summerscale, Aaron P"]
[Black "Buckley, Graeme N"]
[Result "1-0"]
[WhiteElo "2455"]
[BlackElo "2355"]
[PlyCount "95"]
[EventDate "1995.08.20"]
[EventType "swiss"]
[EventRounds "9"]
[EventCountry "ENG"]
[SourceTitle "BritBase"]
[Source "John Saunders"]
[SourceDate "2023.06.01"]
[SourceVersion "1"]
[SourceVersionDate "2023.06.01"]
[SourceQuality "1"]

1. d4 Nf6 2. c4 g6 3. Nc3 Bg7 4. e4 O-O 5. f4 d6 6. Nf3 c5 7. d5 e6 8. Be2 exd5
9. cxd5 Bg4 10. O-O Nbd7 11. Re1 Re8 12. h3 Bxf3 13. Bxf3 c4 14. Be3 Qa5 15.
Kh1 Nc5 16. Bxc5 Qxc5 17. e5 dxe5 18. fxe5 Nd7 19. e6 fxe6 20. Bg4 Ne5 21.
Bxe6+ Kh8 22. Ne4 Qe7 23. Rf1 Rf8 24. Qc2 b5 25. b3 Nd3 26. Rad1 Qh4 27. Qe2
Rae8 28. g3 Qh5 29. Qxh5 gxh5 30. Nd6 Nf2+ 31. Rxf2 Rxf2 32. Nxe8 c3 33. Nxg7
Kxg7 34. g4 Rxa2 35. Bf5 Rd2 36. Rxd2 cxd2 37. Bc2 Kf6 38. Kg2 a5 39. Kf2 Ke5
40. Ke2 h6 41. Kxd2 Kxd5 42. Ke3 Ke5 43. Bh7 a4 44. b4 hxg4 45. hxg4 Kd5 46.
Bg8+ Ke5 47. Ba2 a3 48. Bb3 1-0

[Event "Hastings Centenary Masters"]
[Site "Hastings"]
[Date "1995.08.25"]
[Round "7"]
[White "Taylor, Peter P"]
[Black "Howell, James C"]
[Result "0-1"]
[WhiteElo "2205"]
[BlackElo "2525"]
[PlyCount "70"]
[EventDate "1995.08.20"]
[EventType "swiss"]
[EventRounds "9"]
[EventCountry "ENG"]
[SourceTitle "BritBase"]
[Source "John Saunders"]
[SourceDate "2023.06.01"]
[SourceVersion "1"]
[SourceVersionDate "2023.06.01"]
[SourceQuality "1"]

1. e4 c5 2. Nf3 d6 3. d4 cxd4 4. Nxd4 Nf6 5. Nc3 a6 6. f4 e6 7. Be2 Be7 8. O-O
Qc7 9. Kh1 O-O 10. a4 Nc6 11. Be3 Re8 12. Qe1 e5 13. Nb3 Nb4 14. Rc1 b6 15. Qf2
Rb8 16. fxe5 dxe5 17. Nd5 Nbxd5 18. exd5 Bd6 19. c4 Ne4 20. Qh4 Nc5 21. Nxc5
bxc5 22. Bd3 g6 23. Qf6 Bf8 24. Be4 Rb6 25. Qf2 f5 26. a5 Rb8 27. d6 Bxd6 28.
Bd5+ Be6 29. Qd2 Bxd5 30. Qxd5+ Kg7 31. Rcd1 Rbd8 32. Qd2 f4 33. Bg1 e4 34.
Qc3+ Be5 35. Qb3 e3 0-1

[Event "Hastings Centenary Masters"]
[Site "Hastings"]
[Date "1995.08.25"]
[Round "7"]
[White "Tebb, David J"]
[Black "McEwan, Ken B"]
[Result "0-1"]
[WhiteElo "2315"]
[BlackElo "2160"]
[PlyCount "102"]
[EventDate "1995.08.20"]
[EventType "swiss"]
[EventRounds "9"]
[EventCountry "ENG"]
[SourceTitle "BritBase"]
[Source "John Saunders"]
[SourceDate "2023.06.01"]
[SourceVersion "1"]
[SourceVersionDate "2023.06.01"]
[SourceQuality "1"]

1. e4 c5 2. c3 d5 3. exd5 Qxd5 4. d4 Nc6 5. Nf3 cxd4 6. cxd4 e6 7. Nc3 Qd8 8.
Bc4 Nf6 9. a3 Be7 10. O-O O-O 11. Qd3 Nd5 12. Bb3 Bf6 13. Ne4 g6 14. Nxf6+ Qxf6
15. Bh6 Re8 16. Qe4 Bd7 17. Bg5 Qf5 18. Qh4 f6 19. Bd2 Nce7 20. Ba2 g5 21. Qg3
Qg6 22. h4 Nf5 23. Qh2 g4 24. h5 Qf7 25. Nh4 Nxd4 26. Bxd5 exd5 27. h6 Ne2+ 28.
Kh1 d4 29. Rfe1 Qh5 30. Bb4 Bc6 31. Nf3 Qxh2+ 32. Nxh2 f5 33. Rad1 Rad8 34. Nf1
f4 35. Nh2 Rd5 36. Rxe2 Rxe2 37. Nxg4 Rg5 38. f3 Rxb2 39. Bd2 Rf5 40. Kg1 Ba4
41. Bc1 Rb1 42. Re1 Rc5 43. Bd2 Rxe1+ 44. Bxe1 Kf7 45. Bd2 Bd7 46. Nf2 Bf5 47.
Bxf4 Rc3 48. Bd6 Rc1+ 49. Kh2 d3 50. g4 d2 51. gxf5 Rf1 0-1

[Event "Hastings Centenary Masters"]
[Site "Hastings"]
[Date "1995.08.25"]
[Round "7"]
[White "Trifunovic, Aleksandar"]
[Black "Lewis, Andrew P"]
[Result "0-1"]
[WhiteElo "2230"]
[BlackElo "2335"]
[PlyCount "104"]
[EventDate "1995.08.20"]
[EventType "swiss"]
[EventRounds "9"]
[EventCountry "ENG"]
[SourceTitle "BritBase"]
[Source "John Saunders"]
[SourceDate "2023.06.01"]
[SourceVersion "1"]
[SourceVersionDate "2023.06.01"]
[SourceQuality "1"]

1. d4 Nf6 2. Nf3 g6 3. g3 Bg7 4. Bg2 O-O 5. c4 d6 6. Nc3 Nbd7 7. O-O e5 8. e4
c6 9. Rb1 a5 10. h3 Re8 11. Re1 a4 12. Nxa4 exd4 13. Nxd4 d5 14. cxd5 cxd5 15.
Nc3 Nxe4 16. Nxe4 dxe4 17. Nb5 Nc5 18. Nd6 Re6 19. Nxc8 Qxc8 20. Bf1 Nd3 21.
Bxd3 exd3 22. Rxe6 Qxe6 23. Qxd3 h5 24. Be3 Rxa2 25. Kh2 Kh7 26. h4 Qf6 27. Qd5
Rxb2 28. Rxb2 Qxb2 29. Qxf7 b5 30. Bc5 Qe5 31. Bf8 Qf6 32. Qxf6 Bxf6 33. Bb4
Kg7 34. Kg2 Kf7 35. Kf3 Ke6 36. Ke4 Be5 37. Be1 Bd6 38. f3 b4 39. g4 b3 40. Bc3
Be7 41. gxh5 gxh5 42. Bb2 Bxh4 43. f4 Bf6 44. Ba3 h4 45. f5+ Kd7 46. Kf4 Kc6
47. Kg4 Kd5 48. Bc1 Ke4 49. Ba3 Ke3 50. Bc5+ Ke2 51. Ba3 Kf1 52. Kh3 Kf2 0-1

[Event "Hastings Centenary Masters"]
[Site "Hastings"]
[Date "1995.08.25"]
[Round "7"]
[White "Vianin, Pascal"]
[Black "Menadue, Jeremy FS"]
[Result "0-1"]
[WhiteElo "2185"]
[BlackElo "2255"]
[PlyCount "130"]
[EventDate "1995.08.20"]
[EventType "swiss"]
[EventRounds "9"]
[EventCountry "ENG"]
[SourceTitle "BritBase"]
[Source "John Saunders"]
[SourceDate "2023.06.01"]
[SourceVersion "1"]
[SourceVersionDate "2023.06.01"]
[SourceQuality "1"]

1. e4 Nf6 2. e5 Nd5 3. Nc3 Nxc3 4. dxc3 d5 5. Nf3 Bg4 6. Bf4 e6 7. c4 c6 8. c3
Qb6 9. Qc2 Bxf3 10. gxf3 dxc4 11. Bxc4 Nd7 12. O-O-O Be7 13. Rhg1 g6 14. Qe2
O-O-O 15. Be3 Qa5 16. f4 Nb6 17. Bb3 Nd5 18. Rd4 Bc5 19. Ra4 Qb6 20. Bxc5 Qxc5
21. Rd4 Nxc3 22. Rxd8+ Rxd8 23. bxc3 Qxc3+ 24. Qc2 Qa1+ 25. Qb1 Qd4 26. Qb2
Qxf4+ 27. Kb1 Rd2 28. Qc3 Rxf2 29. Rd1 Rf1 30. Rxf1 Qxf1+ 31. Kb2 Qf2+ 32. Ka3
Qb6 33. Qg3 Qc5+ 34. Kb2 h5 35. Qf4 Qe7 36. h4 Kc7 37. a4 b6 38. a5 bxa5 39.
Qd4 Kb7 40. Qf4 a6 41. Qd4 Qc7 42. Qc5 Qd7 43. Kc2 Qd8 44. Bc4 Qc7 45. Kd3 Kc8
46. Kc2 Kb7 47. Kd3 Qd8+ 48. Kc2 Qxh4 49. Bxa6+ Kc7 50. Qxa5+ Kd7 51. Qd2+ Ke8
52. Qe2 Qa4+ 53. Kb2 Qb4+ 54. Kc2 Ke7 55. Bd3 Qa5 56. Kb2 Qb4+ 57. Kc2 h4 58.
Qe3 Qa4+ 59. Kb2 Qb4+ 60. Kc2 c5 61. Qg5+ Ke8 62. Qg2 Qa4+ 63. Kb2 Qd4+ 64. Kc2
Qxe5 65. Bb5+ Kf8 0-1

[Event "Hastings Centenary Masters"]
[Site "Hastings"]
[Date "1995.08.25"]
[Round "7"]
[White "Wilson, Jonathan G"]
[Black "Hunt, Harriet"]
[Result "1/2-1/2"]
[WhiteElo "2245"]
[BlackElo "2385"]
[PlyCount "82"]
[EventDate "1995.08.20"]
[EventType "swiss"]
[EventRounds "9"]
[EventCountry "ENG"]
[SourceTitle "BritBase"]
[Source "John Saunders"]
[SourceDate "2023.06.01"]
[SourceVersion "1"]
[SourceVersionDate "2023.06.01"]
[SourceQuality "1"]

1. d4 d5 2. c4 e6 3. Nc3 Nf6 4. cxd5 exd5 5. Bg5 Be7 6. e3 Nbd7 7. Bd3 O-O 8.
Nge2 Re8 9. Qc2 Nf8 10. O-O c6 11. f3 Ng6 12. Rad1 Be6 13. e4 dxe4 14. fxe4 Ng4
15. Bxe7 Qxe7 16. Qd2 c5 17. d5 Bd7 18. h3 N4e5 19. Ng3 Nxd3 20. Qxd3 Qg5 21.
Nf5 b5 22. Nxb5 Rab8 23. Qc3 Bxf5 24. Rxf5 Qe7 25. d6 Qxe4 26. Rxc5 Nf4 27. Qf3
Qb4 28. Qc6 Ne6 29. d7 Red8 30. Re5 h6 31. Rxe6 fxe6 32. Qxe6+ Kh7 33. Qf5+ Kg8
34. Qe6+ Kh7 35. Qf5+ Kg8 36. Nd6 Qa4 37. Qd5+ Kh7 38. Qf5+ Kg8 39. Qd5+ Kh7
40. Qf5+ Kg8 41. Qd5+ Kh7 1/2-1/2

[Event "Hastings Centenary Masters"]
[Site "Hastings"]
[Date "1995.08.25"]
[Round "7"]
[White "Wood, David A"]
[Black "Dutta, Shyamol"]
[Result "1-0"]
[WhiteElo "2285"]
[BlackElo "2110"]
[PlyCount "75"]
[EventDate "1995.08.20"]
[EventType "swiss"]
[EventRounds "9"]
[EventCountry "ENG"]
[SourceTitle "BritBase"]
[Source "John Saunders"]
[SourceDate "2023.06.01"]
[SourceVersion "1"]
[SourceVersionDate "2023.06.01"]
[SourceQuality "1"]

1. e4 c5 2. Nf3 d6 3. d4 cxd4 4. Nxd4 Nf6 5. Nc3 a6 6. f4 e6 7. Qf3 Qc7 8. Be3
Nbd7 9. Bd3 b5 10. g4 Nc5 11. g5 Nfd7 12. O-O Bb7 13. a3 Be7 14. Rf2 O-O 15.
Qh3 Rfe8 16. Raf1 Nb6 17. f5 e5 18. Nde2 d5 19. f6 dxe4 20. g6 hxg6 21. fxg7 f5
22. Rxf5 gxf5 23. Rxf5 Bf6 24. Qh8+ Kf7 25. Rxf6+ Ke7 26. Qh4 Ne6 27. Nxe4 Nd5
28. Rf8+ Kd7 29. g8=Q Rxf8 30. Qhh7+ Ne7 31. Qg4 Bxe4 32. Qgxe4 Rg8+ 33. Ng3
Rh8 34. Qf7 Raf8 35. Qd5+ Qd6 36. Qb7+ Nc7 37. Bf5+ Kd8 38. Qb8+ 1-0

[Event "Hastings Centenary Masters"]
[Site "Hastings"]
[Date "1995.08.25"]
[Round "7"]
[White "Cafferty, Bernard"]
[Black "Rutherford, Luke"]
[Result "1/2-1/2"]
[WhiteElo "2260"]
[BlackElo "2256"]
[PlyCount "45"]
[EventDate "1995.08.20"]
[EventType "swiss"]
[EventRounds "9"]
[EventCountry "ENG"]
[SourceTitle "BritBase"]
[Source "John Saunders"]
[SourceDate "2023.06.01"]
[SourceVersion "1"]
[SourceVersionDate "2023.06.01"]
[SourceQuality "1"]

1. c4 g6 2. d4 Bg7 3. Nc3 Nf6 4. e4 d6 5. Nf3 O-O 6. Be2 Nbd7 7. O-O e5 8. Re1
c6 9. Rb1 a6 10. dxe5 Nxe5 11. Bf4 Nh5 12. Bd2 f5 13. Nxe5 dxe5 14. Be3 Nf4 15.
Bf1 Ne6 16. Qxd8 Rxd8 17. Bb6 Re8 18. Na4 f4 19. Rbd1 g5 20. Nc5 Nxc5 21. Bxc5
Be6 22. Bb6 Kf7 23. Rd3 1/2-1/2

[Event "Hastings Centenary Masters"]
[Site "Hastings"]
[Date "1995.08.26"]
[Round "8"]
[White "Ashby, Anthony C"]
[Black "Wood, David A"]
[Result "1/2-1/2"]
[WhiteElo "2090"]
[BlackElo "2285"]
[PlyCount "37"]
[EventDate "1995.08.20"]
[EventType "swiss"]
[EventRounds "9"]
[EventCountry "ENG"]
[SourceTitle "BritBase"]
[Source "John Saunders"]
[SourceDate "2023.06.01"]
[SourceVersion "1"]
[SourceVersionDate "2023.06.01"]
[SourceQuality "1"]

1. e4 c5 2. Nf3 d6 3. d4 cxd4 4. Nxd4 Nf6 5. Nc3 g6 6. Be2 Bg7 7. O-O O-O 8.
Bg5 Nc6 9. Nb3 Be6 10. f4 b5 11. Bf3 Rc8 12. Nd5 Bxd5 13. exd5 Na5 14. Nxa5
Qxa5 15. a3 b4 16. Kh1 bxa3 17. Rxa3 Qb4 18. Rb3 Qc4 19. Rc3 1/2-1/2

[Event "Hastings Centenary Masters"]
[Site "Hastings"]
[Date "1995.08.26"]
[Round "8"]
[White "Briggs, Philip J"]
[Black "Bouchaud, Vincent"]
[Result "1-0"]
[WhiteElo "2280"]
[BlackElo "2180"]
[PlyCount "96"]
[EventDate "1995.08.20"]
[EventType "swiss"]
[EventRounds "9"]
[EventCountry "ENG"]
[SourceTitle "BritBase"]
[Source "John Saunders"]
[SourceDate "2023.06.01"]
[SourceVersion "1"]
[SourceVersionDate "2023.06.01"]
[SourceQuality "1"]

1. e4 e5 2. Nf3 Nc6 3. Nc3 Nf6 4. Bb5 Bb4 5. O-O O-O 6. d3 d6 7. Bg5 Bxc3 8.
bxc3 h6 9. Bd2 Ne7 10. Re1 c6 11. Ba4 Ng6 12. d4 Qe7 13. c4 Bg4 14. d5 b5 15.
cxb5 cxd5 16. exd5 Nxd5 17. Bb3 Nc7 18. h3 Bxf3 19. Qxf3 Nxb5 20. Qd3 Nd4 21.
Bd5 Ne6 22. Bxa8 Rxa8 23. Rab1 Rd8 24. c4 Ngf4 25. Qf3 Qd7 26. Bxf4 Nxf4 27.
Qe4 Rc8 28. Rec1 f5 29. Qf3 Qf7 30. Kh2 Rc7 31. g3 Ne6 32. Qd5 Rd7 33. Rb8+ Kh7
34. Rcb1 f4 35. Qe4+ g6 36. R8b7 fxg3+ 37. fxg3 Nc5 38. Rxd7 Qxd7 39. Qg2 Qf7
40. Qe2 h5 41. Rf1 Qe7 42. Qf3 Kg7 43. Qd5 Qe6 44. Qxe6 Nxe6 45. Kg2 Nc5 46.
Rd1 Nb7 47. c5 Nxc5 48. Rxd6 Kf7 1-0